Datum a čas kvízu
22.5
Celkem bodů
Celkový počet nahraných bodů na tomto kvízu bez doplňovacích otázek.
1.
Pořadí na kvízu
Konečné umístění týmu na tomto kvízu.
Zaznamenané odpovědi
| # | Otázka | Odpověď | Body | Výsledky |
|---|---|---|---|---|
| 1. | Jeden myslivec šel v minulých... | tabák | 1 | |
| 2. | Prezident Umar al-Bašír pod tl... | v Súdánu | 1 | |
| 3. | Australský herec vyhrál soudní... | Geoffrey Rush | 0 | |
| 4. | Na konci března ochranka pražs... | Raiffeisenbank | 1 | |
| 5. | Jedničkou výběru kapitána Petr... | Lucie Šafářová | 0 | |
| 6. | V tomto tématu se podíváme na... | Všechno bude, Zelená kniha | 0 | |
| 5. | V českém prostředí jsou v dneš... | v Indii | 0 | |
| 8. | Komediální road movie Pařba ve... | Vo štvorici po opici | 0 | |
| 5. | Road movie, v níž se dva bratř... | Charlie, Raymond | 0.5 | |
| 10. | Jistou formou road movies jsou... | v Argentině | 1 |